Catalog

Record Details

Catalog Search



Available copies

  • 1 of 1 copy available at LARL/NWRL Consortium. (Show)
  • 1 of 1 copy available at Northwest Regional Library.

Current holds

0 current holds with 1 total copy.

Show All Copies
Location Call Number / Copy Notes Barcode Shelving Location Status Due Date
Hallock Public Library CLA (Text) 35500004759997 Main Available -

Record details

  • ISBN: 9780727869418 (hbk.)
  • ISBN: 0727869418 (hbk.)
  • Physical Description: p. cm.
  • Publisher: Sutton : Severn House, 2010.
Subject: Adult Mystery
Fens, The (England) > Fiction.
Great Britain > History > Norman period, 1066-1154 > Fiction.
Genre: Detective and mystery stories.
LDR 01325cam a22003738a 4500
001119451
003LARL_NWRL_CONSORTIUM
00520100617103034.0
008100319s2010 enk 000 f eng
015 . ‡aGBB058137 ‡2bnb
0167 . ‡a015545555 ‡2Uk
020 . ‡a9780727869418 (hbk.)
020 . ‡a0727869418 (hbk.)
035 . ‡a(OCoLC)613435046
040 . ‡aUKM ‡cUKM ‡dBTCTA
08204. ‡a823.92 ‡222
1001 . ‡aClare, Alys. ‡0(LARL_NWRL_CONSORTIUM)135440
24510. ‡aMusic of the distant stars ‡n#3 / ‡cAlys Clare.
260 . ‡aSutton : ‡bSevern House, ‡c2010.
300 . ‡ap. ‡ccm.
4900 . ‡aAelf Fen ; ‡v3
650 . ‡aAdult Mystery
651 0. ‡aFens, The (England) ‡vFiction.
651 0. ‡aGreat Britain ‡xHistory ‡yNorman period, 1066-1154 ‡vFiction.
655 0. ‡aDetective and mystery stories.
948 . ‡hNO HOLDINGS IN LAL - 5 OTHER HOLDINGS
994 . ‡aZ0 ‡bLAL
901 . ‡a119451 ‡bOCLC ‡c119451 ‡tbiblio

Additional Resources